Eurovision Songs with the Highest Televoting Scores - Statistics

General Stats
  • This quiz has been taken 14 times
  • The average score is 13 of 20
Answer Stats
Country Score Answer % Correct
Finland 376 Cha Cha Cha
100%
Ukraine 439 Stefania
92%
Israel 317 Toy
92%
Netherlands 261 Arcade
85%
Sweden 343 Euphoria
85%
Austria 306 Rise Like A Phoenix
85%
Italy 318 Zitti E Buoni
85%
Ukraine 323 1944
77%
Norway 378 Fairytale
77%
Sweden 272 Heroes
77%
Norway 291 Spirit In The Sky
62%
Russia 286 A Million Voices
54%
Belgium 255 City Lights
54%
Portugal 376 Amar Pelos Dois
46%
Bulgaria 337 Beautiful Mess
38%
Italy 356 Grande Amore
38%
Moldova 264 Hey Mamma
38%
Ukraine 267 Shum
38%
Russia 361 You Are The Only One
38%
Russia 332 Party For Everybody
23%
No matching quizzes found
Score Distribution
Percent of People with Each Score
Percentile by Number Answered
Your Score History
You have not taken this quiz